Capitalisme et sous-développement en amérique latine
Sparad:
| Huvudupphovsman: | |
|---|---|
| Materialtyp: | Bok |
| Språk: | Undetermined |
| Publicerad: |
Paris
Fracois Maspero
1972
|
| Ämnen: | |
| Taggar: |
Lägg till en tagg
Inga taggar, Lägg till första taggen!
|
| Thư viện lưu trữ: | Trung tâm Học liệu Trường Đại học Cần Thơ |
|---|
| LEADER | 00562nam a2200205Ia 4500 | ||
|---|---|---|---|
| 001 | CTU_99276 | ||
| 008 | 210402s9999 xx 000 0 und d | ||
| 082 | |a 309.22 | ||
| 082 | |b F828 | ||
| 100 | |a Frank, André Gunder | ||
| 245 | 0 | |a Capitalisme et sous-développement en amérique latine | |
| 245 | 0 | |c André Gunder Frank | |
| 260 | |a Paris | ||
| 260 | |b Fracois Maspero | ||
| 260 | |c 1972 | ||
| 650 | |a Economic policy | ||
| 650 | |x Congresses | ||
| 650 | |z Latin America | ||
| 904 | |i Giang | ||
| 980 | |a Trung tâm Học liệu Trường Đại học Cần Thơ | ||